000 00676nam a2200205Ia 4500
003 GCL
008 140319s9999 xx 000 0 ara d
040 _aGCL /
_cGCL
082 0 4 _a914.206
_bم ع
100 1 _aمحمد على مادون
245 1 0 _aعروبة البربر (الحقيقة المغمورة ) /
_cمحمد على مادون
260 _a[S.N] :
_bالمنظمة الاسلامية للتربية والعلوم والثقافة ،
_c1992
300 _a239 ص
490 _a
650 0 4 _aالتاريخ الاسلامى
650 0 4 _aالمغرب العربى
650 0 4 _aالتاريخ العربى
650 0 4 _aالبربر
942 _2ddc
_cBK
999 _c36253
_d36253